|
|
|
|
| LEADER |
00000nas a2200000 a 4500 |
| 001 |
ssj0000562351 |
| 003 |
WaSeSS |
| 005 |
20200512172242.0 |
| 006 |
m d |
| 007 |
cr n |
| 008 |
750605c19489999mduqr p s 0 a0eng c |
| 010 |
|
|
|a 38013031
|z sn 86011586
|
| 016 |
7 |
|
|a 19517-0
|2 DE-600
|
| 022 |
|
|
|l 0096-4158
|y 0096-4158
|
| 035 |
|
|
|a (WaSeSS)ssj0000562351
|
| 037 |
|
|
|b Natural History Society of Maryland, 2643 N. Charles St., Baltimore, Md. 21218
|
| 040 |
|
|
|a NSD
|b eng
|c NSD
|d OCL
|d NST
|d DLC
|d NST
|d AGL
|d OCLCQ
|d HEBIS
|d OCLCQ
|d OCLCF
|d OCLCO
|d OCLCA
|d OCLCQ
|d WaSeSS
|
| 042 |
|
|
|a nsdp
|a pcc
|
| 043 |
|
|
|a n-us-md
|
| 050 |
0 |
0 |
|a QH1
|b .N314
|
| 070 |
0 |
|
|a QH1.N314
|
| 072 |
|
0 |
|a X300
|
| 082 |
1 |
0 |
|a 574.062752
|
| 130 |
0 |
|
|a Maryland naturalist (Baltimore, Md.)
|
| 210 |
0 |
|
|a Md. nat.
|
| 222 |
|
4 |
|a The Maryland naturalist
|
| 245 |
1 |
0 |
|a Maryland naturalist
|h [electronic resource] /
|c the Natural History Society of Maryland.
|
| 260 |
|
|
|a Baltimore, Md. :
|b The Society,
|c ©1948-
|
| 310 |
|
|
|a Quarterly,
|b <Sept./Dec. 1988->
|
| 321 |
|
|
|a Quarterly,
|b winter 1948-
|
| 321 |
|
|
|a Annual,
|b <195 -60>
|
| 362 |
0 |
|
|a Vol. 18, no. 1 (winter 1948)-
|
| 500 |
|
|
|a Title from cover.
|
| 506 |
|
|
|a License restrictions may limit access.
|
| 515 |
|
|
|a No issues published between 1961-1986.
|
| 515 |
|
|
|a Some issues published in combined form.
|
| 515 |
|
|
|a Issue for July/Dec. 1992 incorrectly numbered, but constitutes vol. 36, no. 3-4.
|
| 588 |
|
|
|a Latest issue consulted: Vol. 42, no. 1-2 (Jan./June 1998).
|
| 650 |
|
0 |
|a Natural history
|v Periodicals.
|
| 650 |
|
0 |
|a Natural history
|z Maryland.
|
| 650 |
|
7 |
|a Natural history.
|2 fast
|0 (OCoLC)fst01034268
|
| 651 |
|
7 |
|a Maryland.
|2 fast
|0 (OCoLC)fst01204739
|
| 655 |
|
0 |
|a Electronic journals.
|
| 710 |
2 |
|
|a Natural History Society of Maryland.
|
| 780 |
0 |
0 |
|t Maryland (Baltimore, Md.)
|x 0896-5587
|w (DLC) 90650574
|w (OCoLC)16888275
|
| 850 |
|
|
|a DLC
|a DNAL
|a ViBlbV
|
| 856 |
4 |
0 |
|z Full text available from Research Library: 07/01/2008 to 07/31/2011
|u https://search.proquest.com/publication/626354
|